000 00233nam a22001097a 4500
082 _aCAT
100 _aCathy Jimmie
245 _aBasic electrical engineering
260 _aNew York
_bMcGraw Hill
_c1987
300 _a298
942 _cBK
999 _c14628
_d14628